| 000 | 00597nam a2200193 i 4500 | ||
|---|---|---|---|
| 999 |
_c7265 _d7265 |
||
| 003 | OSt | ||
| 005 | 20191121104212.0 | ||
| 008 | 191121e201902 spc 000 0acat|d | ||
| 020 | _a9788417214623 | ||
| 040 |
_aES-BaBC _bcat _cCDMR |
||
| 100 | 1 | _aFerri, Llibert, | |
| 245 | 1 | 2 |
_aL'ombra dels anys _b: memòria d'un tram de vida europea 1939-1990 _c/ Llibert Ferri |
| 264 | 1 |
_aBarcelona : _bAngle Editorial, _c2019 |
|
| 300 |
_a303 p. _c22 cm |
||
| 600 | 1 | 7 |
_aFerri, Llibert _2lemac |
| 650 | 7 |
_aPeriodistes _zCatalunya _xBiografia _2lemac |
|
| 651 | 7 |
_aEuropa _xHistòria _yS. XX _2lemac |
|
| 942 |
_cMON _2udc |
||